Integrationsarten bei hybriden Leistungsangeboten

Podstata hybridných služieb, ich systematizácia a charakteristika.

Uložené v:
Podrobná bibliografia
Hlavný autor: Schmidt, Simon
Ďalší autori: Markovič, Peter, 1974-
Médium: Kapitola
Jazyk:German
Predmet:
Tagy: Pridať tag
Žiadne tagy, Buďte prvý, kto otaguje tento záznam!

MARC

LEADER 00000naa a2200000 4500
001 0240119
005 20240502073909.2
041 0 |a ger 
044 |a SK 
245 1 0 |a Integrationsarten bei hybriden Leistungsangeboten  |c Simon Schmidt, Peter Markovič 
520 |a Podstata hybridných služieb, ich systematizácia a charakteristika. 
610 2 0 |a reťazce dodávateľsko-odberateľské 
610 2 0 |a reťazce distribučné 
610 2 0 |a manažment strategický 
610 2 0 |a spokojnosť zákazníkov 
610 2 0 |a integrácia 
100 1 |a Schmidt, Simon 
700 1 |a Markovič, Peter, 1974-